000 007980000a22002410004500
003 LK-CoMWRAF
005 20231114011124.0
008 230817t1996 ||||| |||| 00| 0 eng d
022 _a10181342
040 _aLK-CoMWRAF
_dLK-CoMWRAF
_eLK-CoMWRAF
041 _aeng
082 _a305.42
_bWOM
110 _aWomen living under muslim laws
245 _aDossier 16:
_bViolations against women: demystifying religious justifications
260 _aGrables:
_bInternational Solidarity Network,
_c1996
300 _a106 p.
650 _aMUSLIM WOMEN-Social conditions--Periodicals
650 _aWomen (Islamic law)--Periodicals
700 _aHélie-Lucas, Marie-Aimée
_eed.
700 _aKapoor, Harsh
_eed.
856 _uhttps://www.wluml.org/wp-content/uploads/2003/03/D16.pdf
942 _cBK
999 _c1080
_d1080